| 000 -Etiqueta do registo | |
|---|---|
| campo de controlo de comprimento fixo | 010830000a22002770004500 |
| 001 - Identificador do registo | |
| Campo de controlo | 52458 |
| 100 ## - Dados Gerais de Proc. | |
| Dados gerais de processamento | 20170419d2017 k y0pory5003 ba |
| 101 0# - Língua da publicação | |
| Língua do texto, banda sonora, etc. | Português |
| 102 ## - País de Publicação | |
| País de publicação | Portugal |
| 200 1# - Título | |
| Título próprio | Tom Sawyer, pirate |
| Informação de outro título | mais de 200 palavras em inglês e português |
| Primeira menção de responsabilidade | adapt. Carles Muñoz Miralles |
| Outras menções de responsabilidade | il. Jacob Taurà, Eric Villa |
| 210 ## - Publicação, Distribuição | |
| Lugar da edição, distribuição, etc. | [Barcelona] |
| Nome do editor, distribuidor, etc. | Sic Idea & Creación |
| Data da publicação, distribuição, etc. | 2011 |
| 215 ## - Descrição física | |
| Descrição física | 63 p. |
| Outras indicações físicas | muito il. |
| 225 2# - Colecção | |
| Título próprio da colecção | Dicionário visual bilingue |
| 305 ## - Edição e história bibliográfica | |
| Texto da nota | Ed. bilingue em Português e Inglês |
| 606 ## - Nome comum | |
| Koha Internal code | 741 |
| Elemento de entrada | Conto infantojuvenil |
| Subdivisão de assunto | Corpo humano -- [Vocabulários infantis] |
| -- | Roupa -- [Vocabulários infantis] |
| 675 ## - CDU | |
| Notação | 087.5-053.5 |
| Edição | BN |
| Língua da edição | Português |
| 675 ## - CDU | |
| Notação | 82-34 |
| Edição | BN |
| Língua da edição | Português |
| 675 ## - CDU | |
| Notação | 811.111'373(038) |
| Edição | BN |
| Língua da edição | Português |
| 702 ## - Responsabilidade secundária | |
| Koha Internal Code | 44803 |
| Código de função | Ilustrador |
| Palavra de ordem | Taurà |
| Outra parte do nome | Jacob |
| 702 ## - Responsabilidade secundária | |
| Koha Internal Code | 47178 |
| Código de função | Ilustrador |
| Palavra de ordem | Villa |
| Outra parte do nome | Eric |
| 801 ## - Fonte de origem | |
| País | Portugal |
| Data da última transacção | 20170419 |
| 859 ## - Imagem da capa | |
| Uniform Resource Location (URL) | http://www.ja.pt/images/produtos/12126.jpg |
| Nota informativa | capa |
| 090 ## - Números de controlo do sistema (Koha) | |
| Número biblioitem do Koha (gerado automaticamente) | 52458 |
| 942 ## - Elementos de entrada adicionados (Koha) | |
| Tipo de item no Koha | Monografias |
| Suprimido | Disponível no OPAC |
| 999 ## - Campo local | |
| Campo local | 52458 |
| Removido (estado) | Perdido (estado) | Data de aquisição | Origem do registo (biblioteca) (codificado) | Código da organização que empresta ou é detentora (biblioteca) | Código de barras | Número de inventário | Cota | Tipo de circulação (não pode ser emprestado) | Tipo de item e material |
|---|---|---|---|---|---|---|---|---|---|
| Disponível | Disponível | 2017-04-19 | Biblioteca EB23 D. Paio Peres Correia | Biblioteca EB23 D. Paio Peres Correia | BEBDPPC8388 | 8388 | 087.5 DIC | Normal | Monografias |